[Event "BL2-Ost 1415"]
[Site "Germany"]
[Date "2014.12.07"]
[Round "6.8"]
[White "Zier, Oliver"]
[Black "Peil, Christoph"]
[Result "0-1"]
[WhiteElo "2170"]
[BlackElo "2180"]
[PlyCount "46"]
[EventDate "2014.10.18"]
[EventType "team-tourn"]
[EventRounds "10"]
[EventCountry "GER"]
[SourceTitle "CBM 166 Extra"]
[Source "ChessBase"]
[SourceDate "2015.06.18"]
[SourceVersion "1"]
[SourceVersionDate "2015.06.18"]
[SourceQuality "1"]
[WhiteTeam "Bindlach Aktionaer"]
[BlackTeam "Aue Nickelhuette"]
[WhiteTeamCountry "GER"]
[BlackTeamCountry "GER"]

1. d4 Nf6 2. c4 e6 3. Nc3 Bb4 4. Bg5 h6 5. Bh4 c5 6. d5 Bxc3+ 7. bxc3 d6 8. e3 Qc7 9. Nf3 Nbd7 10. Qc2 Nb6 11. Nd2 exd5 12. cxd5 Nbxd5 13. Bb5+ Bd7 14. Bxd7+ Qxd7 15. c4 Nb4 16. Qc3 Qg4 17. Bxf6 Qxg2 18. Bh4 Qxh1+ 19. Ke2 Qg2 20. Nf3 Qg6 21. a3 Nc6 22. Rg1 Qf5 23. Qxg7 Kd7 0-1

[Event "BL2-Ost 1415"]
[Site "Germany"]
[Date "2014.12.06"]
[Round "5.8"]
[White "Liedtke, Matthias"]
[Black "Zier, Oliver"]
[Result "1-0"]
[WhiteElo "2297"]
[BlackElo "2170"]
[PlyCount "83"]
[EventDate "2014.10.18"]
[EventType "team-tourn"]
[EventRounds "10"]
[EventCountry "GER"]
[SourceTitle "CBM 166 Extra"]
[Source "ChessBase"]
[SourceDate "2015.06.18"]
[SourceVersion "1"]
[SourceVersionDate "2015.06.18"]
[SourceQuality "1"]
[WhiteTeam "Leipzig SG"]
[BlackTeam "Bindlach Aktionaer"]
[WhiteTeamCountry "GER"]
[BlackTeamCountry "GER"]

1. e4 e6 2. d4 d5 3. e5 c5 4. c3 Nc6 5. Nf3 Bd7 6. Be2 Nge7 7. Na3 cxd4 8. cxd4 Nf5 9. Nc2 Qb6 10. 0-0 Rc8 11. Rb1 a5 12. g4 Nfe7 13. Nfe1 h5 14. gxh5 Nf5 15. Be3 Na7 16. Nd3 Bb5 17. Kh1 Nc6 18. Rg1 Bc4 19. b3 Ba6 20. a3 Na7 21. Qd2 Nb5 22. Nc5 Bxc5 23. dxc5 Qc7 24. Bxb5+ Bxb5 25. Nd4 Bc6 26. Bf4 Rxh5 27. Rg4 g6 28. Kg1 Nxd4 29. Qxd4 Bb5 30. Rc1 Kd7 31. Bg5 a4 32. bxa4 Bc6 33. h4 Ra8 34. Rc4 Qc8 35. Rb4 Qf8 36. Rf4 Rh7 37. Rf6 Ra5 38. Be3 Qa8 39. Qf4 Ke8 40. Qg4 Rxa4 41. Rxe6+ Kf8 42. Rxc6 1-0

[Event "Landesliga Nord 1415"]
[Site "Bayern"]
[Date "2014.11.23"]
[Round "3.2"]
[White "Zier, Oliver"]
[Black "Breithut, Kurt Georg"]
[Result "1/2-1/2"]
[WhiteElo "2143"]
[BlackElo "2147"]
[PlyCount "41"]
[EventDate "2014.10.19"]
[EventType "team-tourn"]
[EventRounds "9"]
[EventCountry "GER"]
[SourceTitle "EXT 2018"]
[Source "ChessBase"]
[SourceDate "2017.10.13"]
[SourceVersion "1"]
[SourceVersionDate "2017.10.13"]
[SourceQuality "1"]
[WhiteTeam "Bindlach Aktionaer II"]
[BlackTeam "Bamberg SC"]
[WhiteTeamCountry "GER"]
[BlackTeamCountry "GER"]

1. d4 d5 2. c4 c6 3. Nc3 Nf6 4. e3 g6 5. Nf3 Bg7 6. Bd3 0-0 7. h3 Nbd7 8. 0-0 Re8 9. b3 e5 10. dxe5 Nxe5 11. Nxe5 Rxe5 12. Bb2 Re8 13. Qc2 Be6 14. Rad1 Qe7 15. cxd5 Nxd5 16. Nxd5 Bxd5 17. Bxg7 Kxg7 18. Bc4 Bxc4 19. Qxc4 Rad8 20. b4 Qf6 21. Qb3 1/2-1/2

[Event "BL2-Ost 1314"]
[Site "Germany"]
[Date "2013.11.10"]
[Round "3.8"]
[White "Keller, Manfred"]
[Black "Zier, Oliver"]
[Result "1/2-1/2"]
[WhiteElo "2153"]
[BlackElo "2157"]
[PlyCount "168"]
[EventDate "2013.10.12"]
[EventType "team-tourn"]
[EventRounds "10"]
[EventCountry "GER"]
[SourceTitle "EXT 2015"]
[Source "ChessBase"]
[SourceDate "2014.11.20"]
[SourceVersion "1"]
[SourceVersionDate "2014.11.20"]
[SourceQuality "1"]
[WhiteTeam "Rosenheim Pang"]
[BlackTeam "Bindlach Aktionaer"]
[WhiteTeamCountry "GER"]
[BlackTeamCountry "GER"]

1. e4 e6 2. d4 d5 3. Nc3 Nf6 4. Bg5 Bb4 5. e5 h6 6. Bd2 Bxc3 7. bxc3 Ne4 8. Qg4 Kf8 9. Bc1 Nxc3 10. Bd3 Nc6 11. Nf3 Kg8 12. Bd2 Na4 13. Rb1 Nb6 14. h4 Nc4 15. Bc3 a5 16. Rh3 Nb4 17. Bxb4 axb4 18. Rxb4 Rxa2 19. Bxc4 Ra1+ 20. Ke2 dxc4 21. Rg3 Rh7 22. Rxc4 b6 23. Rc3 Ba6+ 24. Ke3 c5 25. Qe4 Ra4 26. Rg4 g6 27. Qc6 Ra2 28. Qd6 Qc8 29. dxc5 bxc5 30. Qxc5 Qxc5+ 31. Rxc5 Kg7 32. Rc7 Rh8 33. Nd4 Ra3+ 34. c3 Re8 35. Rf4 Kg8 36. Rfxf7 Rxc3+ 37. Rxc3 Kxf7 38. Rc7+ Re7 39. Rxe7+ Kxe7 40. Nc6+ Kf7 41. Kd4 g5 42. hxg5 hxg5 43. Kc5 Be2 44. g3 Kg6 45. Kd6 Bc4 46. Nd4 Kf7 47. Nf3 Kg6 48. Nd4 Kf7 49. Kd7 Bd5 50. Nb5 Bb3 51. Nd6+ Kg6 52. Ke7 Bd5 53. Kd7 g4 54. Ke7 Ba2 55. Ne4 Kf5 56. Nc3 Bb3 57. Kd6 Bc4 58. Kc5 Bb3 59. Kd4 Kg5 60. Nb5 Ba2 61. Nd6 Bd5 62. Ne4+ Kf5 63. Nf6 Bb3 64. Ng8 Kg6 65. Ke4 Kg5 66. Ne7 Bc2+ 67. Ke3 Bb3 68. Nc6 Bd5 69. Nd8 Kf5 70. Kd4 Kg6 71. Ke3 Kf5 72. Nf7 Kg6 73. Nd6 Kg5 74. Kd4 Kg6 75. Nc4 Kg5 76. Ne3 Bb3 77. Ng2 Kf5 78. Nh4+ Kg5 79. Kc5 Bd5 80. Kd6 Bb3 81. Ke7 Bd5 82. Kf7 Bb3 83. Kg7 Bd5 84. Kf7 Bb3 1/2-1/2

[Event "Landesliga Nord 1314"]
[Site "Bayern"]
[Date "2013.10.13"]
[Round "1.3"]
[White "Zier, Oliver"]
[Black "Haag, Wolfgang"]
[Result "1-0"]
[WhiteElo "2157"]
[BlackElo "2216"]
[PlyCount "85"]
[EventDate "2013.10.13"]
[EventType "team"]
[EventRounds "9"]
[EventCountry "GER"]
[SourceTitle "EXT 2015"]
[Source "ChessBase"]
[SourceDate "2014.11.20"]
[SourceVersion "1"]
[SourceVersionDate "2014.11.20"]
[SourceQuality "1"]
[WhiteTeam "Bindlach II"]
[BlackTeam "Schweinfurt"]
[WhiteTeamCountry "GER"]
[BlackTeamCountry "GER"]

1. d4 Nf6 2. c4 g6 3. Nc3 Bg7 4. e4 d6 5. Nf3 0-0 6. Be2 c6 7. 0-0 Nbd7 8. Qc2 e5 9. Be3 exd4 10. Nxd4 Re8 11. f3 a5 12. Rfd1 Qe7 13. Bf2 Nh5 14. Bf1 Nc5 15. Nb3 Be5 16. Nxc5 dxc5 17. Na4 Qc7 18. g3 b6 19. Rd2 Rb8 20. Rad1 g5 21. Nc3 Ng7 22. Bd3 Ne6 23. Ne2 Ba6 24. Kg2 Rbd8 25. Rh1 Bf6 26. b3 Bc8 27. e5 Qxe5 28. Bxh7+ Kg7 29. Be4 Rxd2 30. Qxd2 Rd8 31. Qc2 Rd6 32. Rd1 Nd4 33. Bxd4 cxd4 34. f4 Qc5 35. Nc1 gxf4 36. Nd3 f3+ 37. Bxf3 Qg5 38. Nf4 Bf5 39. Qe2 c5 40. Qe8 Rd8 41. Qc6 Bg4 42. Rf1 d3 43. Bxg4 1-0

[Event "Nuremberg LGA Cup 9th"]
[Site "Nuremberg"]
[Date "2012.09.07"]
[Round "3"]
[White "Espig, Lutz"]
[Black "Zier, Oliver"]
[Result "0-1"]
[WhiteElo "2329"]
[BlackElo "2154"]
[PlyCount "68"]
[EventDate "2012.09.06"]
[EventType "swiss"]
[EventRounds "7"]
[EventCountry "GER"]
[SourceTitle "CBM 150 Extra"]
[Source "ChessBase"]
[SourceDate "2012.10.19"]
[SourceVersion "1"]
[SourceVersionDate "2012.10.19"]
[SourceQuality "1"]

1. Nf3 d5 2. g3 Nf6 3. Bg2 e6 4. 0-0 Be7 5. b3 0-0 6. Bb2 c5 7. c4 b6 8. e3 Bb7 9. Nc3 Nc6 10. cxd5 Nxd5 11. Nxd5 Qxd5 12. d4 Na5 13. e4 Qh5 14. dxc5 Bxc5 15. b4 Rfd8 16. Qb1 Bxb4 17. Bxg7 Kxg7 18. Qxb4 Rac8 19. Rac1 Qh6 20. Qb2+ Qf6 21. e5 Qf5 22. Nd4 Qg4 23. Rxc8 Rxc8 24. Bxb7 Nxb7 25. f4 Rd8 26. Nc6 Rd1 27. Nxa7 Rxf1+ 28. Kxf1 Qf3+ 29. Kg1 Nc5 30. Nb5 Qd1+ 31. Kg2 Qd5+ 32. Kh3 Nd3 33. Qb3 Nf2+ 34. Kh4 Qg2 0-1

[Event "Nuremberg LGA Cup 9th"]
[Site "Nuremberg"]
[Date "2012.09.06"]
[Round "1"]
[White "Milov, Leonid"]
[Black "Zier, Oliver"]
[Result "1-0"]
[WhiteElo "2520"]
[BlackElo "2154"]
[PlyCount "57"]
[EventDate "2012.09.06"]
[EventType "swiss"]
[EventRounds "7"]
[EventCountry "GER"]
[SourceTitle "CBM 150 Extra"]
[Source "ChessBase"]
[SourceDate "2012.10.19"]
[SourceVersion "1"]
[SourceVersionDate "2012.10.19"]
[SourceQuality "1"]

1. e4 e6 2. Nf3 d5 3. Nc3 Nf6 4. e5 Nfd7 5. d4 c5 6. Ne2 Nc6 7. c3 cxd4 8. cxd4 f6 9. exf6 Nxf6 10. Nc3 Bd6 11. Bb5 0-0 12. 0-0 Qc7 13. Bg5 Ne4 14. Bh4 Rxf3 15. gxf3 Bxh2+ 16. Kg2 Nxc3 17. bxc3 Bf4 18. Bg3 Bd7 19. Rh1 Rf8 20. Rh4 h6 21. Rxf4 Rxf4 22. Qd2 g5 23. Rh1 Kg7 24. Bxf4 Qxf4 25. Qxf4 gxf4 26. Rh4 a6 27. Rg4+ Kh8 28. Bxc6 bxc6 29. Rg6 1-0

[Event "GER-ch Net qual2 U18"]
[Site "Playchess.com INT"]
[Date "2012.09.05"]
[Round "6"]
[White "Mueller, Nick"]
[Black "Zier, Oliver"]
[Result "0-1"]
[WhiteElo "2217"]
[BlackElo "2132"]
[PlyCount "122"]
[EventDate "2012.09.05"]
[EventType "swiss (blitz)"]
[EventRounds "7"]
[EventCountry "GER"]
[SourceTitle "CBM 150 Extra"]
[Source "ChessBase"]
[SourceDate "2012.10.19"]
[SourceVersion "1"]
[SourceVersionDate "2012.10.19"]
[SourceQuality "1"]

1. d4 d5 2. c4 e6 3. Nc3 Be7 4. Nf3 Nf6 5. Bg5 h6 6. Bxf6 Bxf6 7. e3 0-0 8. Qb3 c6 9. Rd1 Nd7 10. e4 dxe4 11. Nxe4 Qe7 12. Bd3 e5 13. 0-0 exd4 14. Rfe1 Nc5 15. Qc2 Bg4 16. Neg5 Qd6 17. h3 Bh5 18. Bh7+ Kh8 19. g4 hxg5 20. gxh5 Qf4 21. Nh2 Rad8 22. Ng4 Qf3 23. Nxf6 Qxf6 24. b4 Ne6 25. Bf5 Nf4 26. h4 gxh4 27. Kh1 d3 28. Bxd3 Nxd3 29. Rxd3 Rxd3 30. Qxd3 Qxf2 31. Qe3 Qf5 32. h6 g6 33. Qd4+ f6 34. Qxh4 g5 35. Qd4 Qf3+ 36. Kg1 Qg3+ 37. Kf1 Qf3+ 38. Kg1 Qh3 39. Re8 Qxh6 40. Qd8 Rxe8 41. Qxe8+ Kh7 42. Qb8 Qg7 43. Qxa7 Qe7 44. Qd4 Kg6 45. b5 cxb5 46. cxb5 Qe1+ 47. Kg2 Qe2+ 48. Kg3 Qxb5 49. Qe4+ Qf5 50. Qxb7 Qf4+ 51. Kg2 Qd2+ 52. Kg3 Qxa2 53. Qe4+ Kh6 54. Qf5 Qb3+ 55. Kg2 Qb2+ 56. Kg3 Qe5+ 57. Kg4 Qxf5+ 58. Kxf5 Kh5 59. Kxf6 g4 60. Kf5 g3 61. Kf4 g2 0-1

[Event "GER-ch Net qual2 U18"]
[Site "Playchess.com INT"]
[Date "2012.09.05"]
[Round "1"]
[White "Schlein, Steffan"]
[Black "Zier, Oliver"]
[Result "0-1"]
[WhiteElo "1362"]
[BlackElo "2134"]
[PlyCount "62"]
[EventDate "2012.09.05"]
[EventType "swiss (blitz)"]
[EventRounds "7"]
[EventCountry "GER"]
[SourceTitle "CBM 150 Extra"]
[Source "ChessBase"]
[SourceDate "2012.10.19"]
[SourceVersion "1"]
[SourceVersionDate "2012.10.19"]
[SourceQuality "1"]

1. e4 a6 2. d4 b5 3. c4 bxc4 4. Bxc4 Bb7 5. Nc3 e6 6. Nf3 c5 7. 0-0 cxd4 8. Qxd4 Nc6 9. Qd1 Bc5 10. Be3 Bxe3 11. fxe3 Nf6 12. e5 Ng4 13. Qe2 Ngxe5 14. Nxe5 Nxe5 15. Rad1 Nxc4 16. Qxc4 0-0 17. b4 Qg5 18. g3 Qxe3+ 19. Rf2 Rac8 20. Rd3 Qxf2+ 21. Kxf2 Rxc4 22. a3 Rfc8 23. Ne2 R8c7 24. Rb3 h6 25. a4 Rc2 26. b5 axb5 27. Rxb5 Ba6 28. Ra5 Rxe2+ 29. Kf3 Rc3+ 30. Kg4 Re4+ 31. Kh3 Bf1# 0-1

[Event "GER-ch Net qual2 U18"]
[Site "Playchess.com INT"]
[Date "2012.09.05"]
[Round "5"]
[White "Zier, Oliver"]
[Black "Donchenko, Alexander"]
[Result "0-1"]
[WhiteElo "2139"]
[BlackElo "2358"]
[PlyCount "49"]
[EventDate "2012.09.05"]
[EventType "swiss (blitz)"]
[EventRounds "7"]
[EventCountry "GER"]
[SourceTitle "CBM 150 Extra"]
[Source "ChessBase"]
[SourceDate "2012.10.19"]
[SourceVersion "1"]
[SourceVersionDate "2012.10.19"]
[SourceQuality "1"]

1. d4 d5 2. c4 dxc4 3. Nf3 a6 4. e3 Nf6 5. Bxc4 e6 6. 0-0 c5 7. Bb3 Nc6 8. Re1 Qc7 9. Nc3 Bd6 10. h3 0-0 11. e4 cxd4 12. Nxd4 Rd8 13. Kh1 Bc5 14. e5 Bxd4 15. exf6 Bxc3 16. Qh5 Bxf6 17. Bg5 Bxg5 18. Qxg5 Qe7 19. Qg3 Bd7 20. Bc2 Be8 21. Rad1 Rxd1 22. Rxd1 Rd8 23. Rxd8 Qxd8 24. Qe3 Qd4 25. Qg3 0-1

[Event "GER-ch Net qual2 U18"]
[Site "Playchess.com INT"]
[Date "2012.09.05"]
[Round "7"]
[White "Zier, Oliver"]
[Black "Mons, Leon"]
[Result "0-1"]
[WhiteElo "2151"]
[BlackElo "2314"]
[PlyCount "134"]
[EventDate "2012.09.05"]
[EventType "swiss (blitz)"]
[EventRounds "7"]
[EventCountry "GER"]
[SourceTitle "CBM 150 Extra"]
[Source "ChessBase"]
[SourceDate "2012.10.19"]
[SourceVersion "1"]
[SourceVersionDate "2012.10.19"]
[SourceQuality "1"]

1. a3 e5 2. e3 d5 3. d4 Nc6 4. Nf3 Bg4 5. Bb5 e4 6. h3 Bc8 7. Ne5 Qg5 8. Kf1 a6 9. Bxc6+ bxc6 10. Nxc6 Bd6 11. c4 dxc4 12. Nd2 Qd5 13. Nb4 Bxb4 14. axb4 Nf6 15. Kg1 0-0 16. Qc2 Be6 17. Kh2 Qd6+ 18. g3 Qxb4 19. Nxe4 Nxe4 20. Qxe4 Rfd8 21. Qc2 Qb5 22. Bd2 a5 23. Bc3 Qh5 24. Kg2 f5 25. f3 Bd5 26. e4 fxe4 27. fxe4 Re8 28. Rhe1 Rxe4 29. Rxe4 Re8 30. Rae1 Qg6 31. Kh2 Bxe4 32. Qf2 Rf8 33. Qe2 Bd5 34. Bxa5 c6 35. Bb4 Rb8 36. Bc3 Rf8 37. Bb4 Rf3 38. Qe8+ Qxe8 39. Rxe8+ Kf7 40. Re2 g5 41. g4 Rd3 42. Rf2+ Ke6 43. Rd2 Re3 44. Rf2 Kd7 45. Bc3 Kc7 46. Rf5 Re2+ 47. Kg1 Bg2 48. Rxg5 Bxh3 49. Rh5 Bxg4 50. Rxh7+ Kb6 51. Rg7 Bf3 52. Rg6 Bd5 53. Rg5 Kb5 54. Rg6 Ka4 55. Rg7 Kb3 56. Rb7+ Kc2 57. Rg7 Kc1 58. Rg4 Rxb2 59. Bxb2+ Kxb2 60. Kf2 c3 61. Ke3 c2 62. Rg1 c1Q+ 63. Rxc1 Kxc1 64. Kd3 Kd1 65. Kc3 Ke2 66. Kb4 Ke3 67. Kc5 Ke4 0-1

[Event "GER-ch Net qual1 U18"]
[Site "Playchess.com INT"]
[Date "2012.09.01"]
[Round "6"]
[White "Koop, Thorben"]
[Black "Zier, Oliver"]
[Result "1-0"]
[WhiteElo "1826"]
[BlackElo "2136"]
[PlyCount "45"]
[EventDate "2012.09.01"]
[EventType "swiss (blitz)"]
[EventRounds "7"]
[EventCountry "GER"]
[SourceTitle "CBM 150 Extra"]
[Source "ChessBase"]
[SourceDate "2012.10.19"]
[SourceVersion "1"]
[SourceVersionDate "2012.10.19"]
[SourceQuality "1"]

1. e4 c5 2. c4 Nc6 3. Nc3 e6 4. Nge2 Nf6 5. d4 cxd4 6. Nxd4 Bc5 7. Nxc6 bxc6 8. e5 Ng8 9. Qg4 g6 10. Ne4 Bb4+ 11. Bd2 Bxd2+ 12. Nxd2 Qa5 13. Qd4 Ne7 14. Bd3 c5 15. Qe3 Bb7 16. 0-0 h5 17. Be4 Bxe4 18. Nxe4 Nc6 19. Rfd1 Rd8 20. Nxc5 Qb6 21. b4 Nxb4 22. Rab1 Qa5 23. Nb7 1-0

[Event "GER-ch Net qual1 U18"]
[Site "Playchess.com INT"]
[Date "2012.09.01"]
[Round "1"]
[White "Nahnsen, Kenneth"]
[Black "Zier, Oliver"]
[Result "0-1"]
[WhiteElo "1486"]
[BlackElo "2136"]
[PlyCount "64"]
[EventDate "2012.09.01"]
[EventType "swiss (blitz)"]
[EventRounds "7"]
[EventCountry "GER"]
[SourceTitle "CBM 150 Extra"]
[Source "ChessBase"]
[SourceDate "2012.10.19"]
[SourceVersion "1"]
[SourceVersionDate "2012.10.19"]
[SourceQuality "1"]

1. e4 c5 2. Nf3 e6 3. d4 cxd4 4. Nxd4 Nf6 5. f3 d5 6. exd5 Nxd5 7. c4 Nf6 8. Nc3 Bc5 9. Be3 0-0 10. Be2 Bd7 11. 0-0 Nc6 12. Kh1 Nxd4 13. Bxd4 Bxd4 14. Qxd4 Qe7 15. Rad1 Rfd8 16. Qe3 Bc6 17. Rxd8+ Rxd8 18. Rd1 Rxd1+ 19. Bxd1 a6 20. a3 h6 21. Bc2 Nd7 22. Kg1 Qd6 23. Qd3 Qc5+ 24. Kf1 g6 25. b4 Qh5 26. b5 axb5 27. cxb5 Bd5 28. h3 Ne5 29. Qe3 Nc4 30. Qa7 Qg5 31. Qa4 Qc1+ 32. Kf2 Qe3+ 0-1

[Event "GER-ch Net qual1 U18"]
[Site "Playchess.com INT"]
[Date "2012.09.01"]
[Round "5"]
[White "Zier, Oliver"]
[Black "Krause, Benedict"]
[Result "0-1"]
[WhiteElo "2136"]
[BlackElo "2071"]
[PlyCount "90"]
[EventDate "2012.09.01"]
[EventType "swiss (blitz)"]
[EventRounds "7"]
[EventCountry "GER"]
[SourceTitle "CBM 150 Extra"]
[Source "ChessBase"]
[SourceDate "2012.10.19"]
[SourceVersion "1"]
[SourceVersionDate "2012.10.19"]
[SourceQuality "1"]

1. e4 c6 2. d4 d5 3. exd5 cxd5 4. c4 Nf6 5. Nc3 Nc6 6. Nf3 Bg4 7. cxd5 Nxd5 8. Qb3 Bxf3 9. gxf3 e6 10. Qxb7 Nxd4 11. Bb5+ Nxb5 12. Qc6+ Ke7 13. Qxb5 Nxc3 14. bxc3 Rb8 15. Qc5+ Ke8 16. Qxa7 Bd6 17. Qa4+ Qd7 18. Qg4 Be5 19. 0-0 f5 20. Qg5 Kf7 21. Bf4 h6 22. Qg3 Bxf4 23. Qxf4 Rhc8 24. Rad1 Qe7 25. Kh1 Rb2 26. a4 Ra2 27. Rd3 g5 28. Qe5 Rxa4 29. Rfd1 Ra7 30. Qb5 Rcc7 31. c4 Qe8 32. Qe5 Kg6 33. Rd8 Qf7 34. c5 Rd7 35. R8xd7 Rxd7 36. Rxd7 Qxd7 37. Qh8 Qd5 38. Qg8+ Kf6 39. Qf8+ Ke5 40. Qxh6 Qxf3+ 41. Kg1 Qg4+ 42. Kf1 Qc4+ 43. Kg2 Kf4 44. Qf8 Qe4+ 45. Kf1 Kf3 0-1

[Event "GER-ch Net qual1 U18"]
[Site "Playchess.com INT"]
[Date "2012.09.01"]
[Round "7"]
[White "Zier, Oliver"]
[Black "Weber, Jannis"]
[Result "1-0"]
[WhiteElo "2136"]
[BlackElo "1334"]
[PlyCount "85"]
[EventDate "2012.09.01"]
[EventType "swiss (blitz)"]
[EventRounds "7"]
[EventCountry "GER"]
[SourceTitle "CBM 150 Extra"]
[Source "ChessBase"]
[SourceDate "2012.10.19"]
[SourceVersion "1"]
[SourceVersionDate "2012.10.19"]
[SourceQuality "1"]

1. c4 c5 2. g3 Nc6 3. Bg2 g6 4. Nf3 Bg7 5. 0-0 d6 6. Nc3 Nf6 7. b3 0-0 8. Bb2 Rb8 9. e3 Bd7 10. d4 cxd4 11. exd4 a6 12. d5 Na5 13. Nd2 b5 14. Rb1 b4 15. Nce4 Nxe4 16. Nxe4 Bxb2 17. Rxb2 Nb7 18. Qd4 Bf5 19. Ng5 Nc5 20. Qh4 h5 21. h3 Kg7 22. g4 hxg4 23. hxg4 Rh8 24. Qg3 Bd7 25. Qe3 Bxg4 26. Qd4+ f6 27. Qxg4 Nd3 28. Ne6+ Kf7 29. Nxd8+ Rbxd8 30. Qe6+ Kf8 31. Re2 Re8 32. Qe3 Ne5 33. Rfe1 g5 34. f4 gxf4 35. Qxf4 Kf7 36. Rxe5 dxe5 37. Rxe5 Reg8 38. d6 exd6 39. Re2 Rd8 40. Bd5+ Kg6 41. Rg2+ Kh5 42. Qf5+ Kh4 43. Qg4# 1-0

[Event "Arber op 1st"]
[Site "Bayerisch Eisenstein"]
[Date "2012.08.23"]
[Round "6"]
[White "Zier, Oliver"]
[Black "Heinzel, Olaf"]
[Result "0-1"]
[WhiteElo "2116"]
[BlackElo "2341"]
[PlyCount "66"]
[EventDate "2012.08.18"]
[EventType "swiss"]
[EventRounds "9"]
[EventCountry "GER"]
[SourceTitle "CBM 150 Extra"]
[Source "ChessBase"]
[SourceDate "2012.10.19"]
[SourceVersion "1"]
[SourceVersionDate "2012.10.19"]
[SourceQuality "1"]

1. d4 d5 2. c4 e6 3. Nc3 Nf6 4. cxd5 exd5 5. Bg5 c6 6. Qc2 h6 7. Bf4 Bd6 8. Bxd6 Qxd6 9. e3 Be6 10. Bd3 0-0 11. a3 Nbd7 12. f4 Ne4 13. Bxe4 dxe4 14. Nxe4 Qe7 15. Nc3 Bd5 16. e4 Bxe4 17. Qxe4 Qxe4+ 18. Nxe4 Rfe8 19. 0-0-0 Rxe4 20. Nf3 Rxf4 21. Rhe1 Kf8 22. d5 Rc4+ 23. Kb1 cxd5 24. Rxd5 Nf6 25. Rde5 Re8 26. b3 Rxe5 27. Rxe5 Re4 28. Rc5 Ne8 29. Rc8 Ke7 30. a4 Re2 31. g3 Re3 32. Nd4 Kd7 33. Rb8 Nd6 0-1

[Event "Arber op 1st"]
[Site "Bayerisch Eisenstein"]
[Date "2012.08.21"]
[Round "4"]
[White "Zier, Oliver"]
[Black "Werner, Holger"]
[Result "1-0"]
[WhiteElo "2116"]
[BlackElo "1878"]
[PlyCount "51"]
[EventDate "2012.08.18"]
[EventType "swiss"]
[EventRounds "9"]
[EventCountry "GER"]
[SourceTitle "CBM 150 Extra"]
[Source "ChessBase"]
[SourceDate "2012.10.19"]
[SourceVersion "1"]
[SourceVersionDate "2012.10.19"]
[SourceQuality "1"]

1. d4 Nf6 2. c4 c5 3. d5 Ne4 4. Qc2 Qa5+ 5. Nd2 Nd6 6. b3 e5 7. Bb2 f6 8. e3 Na6 9. Bc3 Qd8 10. Bd3 g6 11. h4 Bg7 12. g4 0-0 13. h5 f5 14. hxg6 hxg6 15. gxf5 gxf5 16. Qb2 Qe7 17. Ngf3 Re8 18. 0-0-0 Nb4 19. Bb1 Nxd5 20. cxd5 Nb5 21. d6 Qe6 22. Bxe5 Bxe5 23. Rdg1+ Kf8 24. Rh8+ Bxh8 25. Qxh8+ Kf7 26. Qg7# 1-0

[Event "GER-ch Net final U18"]
[Site "Playchess.com INT"]
[Date "2011.05.18"]
[Round "3"]
[White "Cofman, Veaceslav"]
[Black "Zier, Oliver"]
[Result "1-0"]
[WhiteElo "2038"]
[BlackElo "2041"]
[PlyCount "61"]
[EventDate "2011.05.18"]
[EventType "swiss (blitz)"]
[EventRounds "9"]
[EventCountry "GER"]
[SourceTitle "CBM 142 Extra"]
[Source "ChessBase"]
[SourceDate "2011.06.27"]
[SourceVersion "1"]
[SourceVersionDate "2011.06.27"]
[SourceQuality "1"]

1. e4 c5 2. c3 Nf6 3. e5 Nd5 4. d4 e6 5. Nf3 cxd4 6. cxd4 d6 7. Nc3 Nxc3 8. bxc3 Bd7 9. Bd3 Bc6 10. exd6 Bxd6 11. 0-0 Nd7 12. Re1 0-0 13. Bc2 h6 14. Qd3 Nf6 15. Ne5 Bxe5 16. Rxe5 Rc8 17. g4 g6 18. Qh3 Nd7 19. Re1 Nf6 20. Bxh6 Qd5 21. f3 Rfe8 22. Re3 e5 23. Bb3 Qd6 24. dxe5 Rxe5 25. Bf4 Qc5 26. Rae1 Rxe3 27. Bxe3 Qxc3 28. Kf2 Qb2+ 29. Re2 Qc3 30. g5 Nd5 31. Qxc8+ 1-0

[Event "GER-ch Net final U18"]
[Site "Playchess.com INT"]
[Date "2011.05.18"]
[Round "8"]
[White "Miller, Eduard"]
[Black "Zier, Oliver"]
[Result "0-1"]
[WhiteElo "2108"]
[BlackElo "2041"]
[PlyCount "66"]
[EventDate "2011.05.18"]
[EventType "swiss (blitz)"]
[EventRounds "9"]
[EventCountry "GER"]
[SourceTitle "CBM 142 Extra"]
[Source "ChessBase"]
[SourceDate "2011.06.27"]
[SourceVersion "1"]
[SourceVersionDate "2011.06.27"]
[SourceQuality "1"]

1. c4 e6 2. Nc3 d5 3. d4 Be7 4. Nf3 Nf6 5. Bf4 0-0 6. e3 Nbd7 7. c5 c6 8. h3 b6 9. b4 a5 10. a3 Ne4 11. Nxe4 dxe4 12. Ne5 Nxe5 13. Bxe5 Qd5 14. Be2 Ba6 15. 0-0 Bxe2 16. Qxe2 axb4 17. axb4 bxc5 18. bxc5 f6 19. Bg3 e5 20. Qb2 Rab8 21. Qc3 Rb3 22. Qc2 exd4 23. exd4 Rd3 24. Ra7 Re8 25. Qe2 Qxd4 26. Bd6 Bxd6 27. Qh5 Rf8 28. Qg4 f5 29. Qg5 Bxc5 30. Rc7 Qf6 31. Qc1 Bd6 32. Rxc6 Qe5 33. g3 Rxg3+ 0-1

[Event "GER-ch Net final U18"]
[Site "Playchess.com INT"]
[Date "2011.05.18"]
[Round "2"]
[White "Zier, Oliver"]
[Black "Carow, Johannes"]
[Result "1/2-1/2"]
[WhiteElo "2041"]
[BlackElo "2318"]
[PlyCount "112"]
[EventDate "2011.05.18"]
[EventType "swiss (blitz)"]
[EventRounds "9"]
[EventCountry "GER"]
[SourceTitle "CBM 142 Extra"]
[Source "ChessBase"]
[SourceDate "2011.06.27"]
[SourceVersion "1"]
[SourceVersionDate "2011.06.27"]
[SourceQuality "1"]

1. e4 c5 2. Nc3 a6 3. f4 b5 4. g3 Bb7 5. Bg2 e6 6. d3 d5 7. Qe2 Nc6 8. Nf3 Nge7 9. 0-0 Nd4 10. Nxd4 cxd4 11. Nd1 Rc8 12. c3 dxc3 13. Nxc3 b4 14. Nd1 Nc6 15. Be3 dxe4 16. dxe4 Nd4 17. Qd2 Bc5 18. Nf2 Qb6 19. Kh1 Rd8 20. Rfd1 Nc6 21. Bxc5 Qxc5 22. Qe2 0-0 23. Nd3 Qb5 24. Qe3 Rd4 25. Nf2 Rfd8 26. Rxd4 Rxd4 27. Rd1 e5 28. fxe5 Rxd1+ 29. Nxd1 Qxe5 30. Qd2 Qd4 31. Qxd4 Nxd4 32. Nf2 a5 33. Nd3 Kf8 34. Kg1 Ke7 35. Kf2 f6 36. Ke3 Nc2+ 37. Kd2 Nd4 38. Ke3 Ne6 39. Nf4 Bc6 40. Nxe6 Kxe6 41. a3 Ke5 42. Bf3 bxa3 43. bxa3 Bb5 44. Bg2 Bc4 45. Bf3 h6 46. h4 g6 47. Bd1 Bb5 48. Bf3 Bc6 49. g4 g5 50. hxg5 hxg5 51. Bg2 Bd7 52. Bf3 Be6 53. Be2 Bc8 54. Bf3 Bb7 55. Bg2 Bc6 56. Bf3 Bb7 1/2-1/2